[Event "4NCL Division 1d"]
[Site "Hinckley Island ENG"]
[Date "2014.05.04"]
[Round "10.164"]
[White "Rose, Matthew"]
[Black "Varnam, Liam D"]
[Result "1-0"]
[WhiteElo "2315"]
[BlackElo "2126"]
[PlyCount "115"]
[EventDate "2014.05.04"]
[WhiteTeam "Oxford 1"]
[BlackTeam "Grantham Sharks 2"]

1. e4 c5 2. Nf3 Nc6 3. c3 Nf6 4. e5 Nd5 5. d4 cxd4 6. cxd4 e6 7. Bc4 d6 8. O-O
dxe5 9. dxe5 Be7 10. Qe2 Nb6 11. Bb3 O-O 12. Nc3 Na5 13. Bc2 f5 14. exf6 gxf6
15. Bh6 Rf7 16. Rfd1 Bd7 17. Nd4 Qc8 18. Rd3 f5 19. Rg3+ Kh8 20. Nf3 Bf6 21.
Ne5 Re7 22. Rd1 Qe8 23. Bg5 Qf8 24. Nxd7 Rxd7 25. Rxd7 Nxd7 26. Qb5 Bxg5 27.
Rxg5 Qd8 28. Rg3 a6 29. Qb4 Rc8 30. Rd3 Nc6 31. Qxb7 Nce5 32. Rd1 Rb8 33. Qxa6
Rxb2 34. Bb3 Qh4 35. Qc8+ Kg7 36. Rxd7+ Nxd7 37. Qxd7+ Kf8 38. Qd6+ Kg7 39.
Qe5+ Qf6 40. f4 Qxe5 41. fxe5 Kf7 42. Kf1 h5 43. Ne2 Rb1+ 44. Kf2 Rb2 45. Kf3
Rb1 46. Nd4 Rf1+ 47. Ke2 Rf4 48. Bxe6+ Ke7 49. Kd3 Rf2 50. Bd5 h4 51. Ke3 Rf1
52. a4 Ke8 53. h3 Kf8 54. Nf3 Ra1 55. Bc6 Rc1 56. Bb5 Ke7 57. Kf4 Ke6 58. Nxh4
1-0

[Event "4NCL Division 1d"]
[Site "Hinckley Island ENG"]
[Date "2014.05.04"]
[Round "10.165"]
[White "Burrows, Martin P"]
[Black "Tsanas, Athanasios"]
[Result "1/2-1/2"]
[WhiteElo "2168"]
[BlackElo "2285"]
[PlyCount "102"]
[EventDate "2014.05.04"]
[WhiteTeam "Grantham Sharks 2"]
[BlackTeam "Oxford 1"]

1. e4 c5 2. Nf3 d6 3. d4 cxd4 4. Nxd4 Nf6 5. Nc3 a6 6. Bc4 e6 7. Bb3 b5 8. Bg5
Nbd7 9. Qe2 Bb7 10. O-O-O b4 11. Na4 Qa5 12. Bxf6 Nxf6 13. f4 Nxe4 14. f5 e5
15. Qh5 O-O-O 16. Qxf7 exd4 17. Rxd4 d5 18. Rhd1 Nf6 19. Kb1 Qc7 20. Qe6+ Kb8
21. Qe2 Bc5 22. Nxc5 Qxc5 23. g4 h6 24. h4 Rhe8 25. Qd2 Re4 26. g5 hxg5 27.
hxg5 Rxd4 28. Qxd4 Qxd4 29. Rxd4 Ne4 30. Rxb4 Nxg5 31. Rg4 Ne4 32. Rxg7 Nd2+
33. Kc1 Nxb3+ 34. axb3 Rf8 35. Rg5 Kc7 36. Kd2 Kd6 37. c4 d4 38. Kd3 Ke5 39.
f6+ Kxf6 40. Rg4 Ke5 41. Rg5+ Kf6 42. Rg4 Ke5 43. Rg5+ Kd6 44. Kxd4 Rf3 45.
Rg6+ Kc7 46. b4 Rb3 47. Kc5 Rxb2 48. Rg7+ Kb8 49. Rh7 Rd2 50. Rg7 Rb2 51. Rh7
Rd2 1/2-1/2

[Event "4NCL Division 1d"]
[Site "Hinckley Island ENG"]
[Date "2014.05.04"]
[Round "10.166"]
[White "Healey, Michael W"]
[Black "McGowan, Daniel"]
[Result "1/2-1/2"]
[WhiteElo "2132"]
[BlackElo "2097"]
[PlyCount "61"]
[EventDate "2014.05.04"]
[WhiteTeam "Oxford 1"]
[BlackTeam "Grantham Sharks 2"]

1. e4 e6 2. b3 d5 3. Bb2 c5 4. exd5 exd5 5. Bb5+ Nc6 6. Qf3 Nge7 7. Nc3 Be6 8.
Nge2 a6 9. Bxc6+ Nxc6 10. Qg3 Qd6 11. f4 O-O-O 12. O-O Bf5 13. d3 Be7 14. Nd1
d4 15. Nf2 Bf6 16. Ne4 Qd5 17. Qf3 Rhe8 18. N2g3 Be7 19. a3 g6 20. Rae1 h5 21.
Nxf5 Qxf5 22. Re2 Qd7 23. Rfe1 f5 24. Nd2 Bh4 25. g3 Bf6 26. Nc4 Kc7 27. Bc1 b5
28. Ne5 Bxe5 29. fxe5 Re6 30. Bd2 Qd5 31. Qf4 1/2-1/2

[Event "4NCL Division 1d"]
[Site "Hinckley Island ENG"]
[Date "2014.05.04"]
[Round "10.167"]
[White "Cairns, Stephen"]
[Black "Dickinson, Tim R"]
[Result "1-0"]
[WhiteElo "2042"]
[BlackElo "2124"]
[PlyCount "61"]
[EventDate "2014.05.04"]
[WhiteTeam "Grantham Sharks 2"]
[BlackTeam "Oxford 1"]

1. d4 e6 2. c4 Nf6 3. Nc3 Bb4 4. Qc2 d5 5. e3 O-O 6. Bd3 c5 7. a3 Bxc3+ 8. bxc3
b6 9. Nf3 Bb7 10. O-O Nc6 11. cxd5 exd5 12. dxc5 bxc5 13. Rb1 Qe7 14. c4 d4 15.
exd4 Nxd4 16. Nxd4 cxd4 17. Qb2 Bc6 18. Qxd4 Rad8 19. Qc3 Ng4 20. Bf4 Qc5 21.
Rbd1 Rc8 22. Qb4 Qh5 23. Qe7 Rfe8 24. Qg5 Qxg5 25. Bxg5 Ne5 26. Bf5 Rb8 27. Bf4
Rb3 28. Rd6 Rb6 29. c5 Ra6 30. Bxe5 Rxe5 31. Bd3 1-0

[Event "4NCL Division 1d"]
[Site "Hinckley Island ENG"]
[Date "2014.05.04"]
[Round "10.171"]
[White "Turner, Matthew J"]
[Black "Landa, Konstantin"]
[Result "0-1"]
[WhiteElo "2499"]
[BlackElo "2639"]
[PlyCount "82"]
[EventDate "2014.05.04"]
[WhiteTeam "Barbican 4NCL 1"]
[BlackTeam "Blackthorne Russia"]

1. d4 d5 2. Bf4 c5 3. e3 Nc6 4. c3 Nf6 5. Nd2 Qb6 6. Qb3 c4 7. Qc2 g6 8. h3 Bg7
9. Ngf3 O-O 10. Be2 Bf5 11. Qc1 Rfc8 12. O-O Qd8 13. Re1 b5 14. Ne5 Ne4 15.
Nxe4 Bxe4 16. Ng4 h5 17. Ne5 f6 18. Nxc6 Rxc6 19. f3 Bd3 20. a4 e5 21. axb5 Rb6
22. Bg3 Rxb5 23. Ra6 Qc8 24. Qa1 Rxb2 25. Qxb2 Qxa6 26. Ra1 Qc6 27. Bd1 Bh6 28.
Rxa7 Bxe3+ 29. Kh2 g5 30. Ba4 Qc8 31. Bd7 Qb8 32. Be6+ Kh8 33. Rb7 Qd6 34. Rb6
Qd8 35. h4 exd4 36. Rb7 gxh4 37. Bc7 Qf8 38. Qb5 dxc3 39. Qxd5 c2 40. Qxh5+ Qh6
41. Be5 Bf4+ 0-1

[Event "4NCL Division 1d"]
[Site "Hinckley Island ENG"]
[Date "2014.05.04"]
[Round "10.172"]
[White "Gormally, Daniel W"]
[Black "Ferguson, Mark"]
[Result "1/2-1/2"]
[WhiteElo "2492"]
[BlackElo "2411"]
[PlyCount "51"]
[EventDate "2014.05.04"]
[WhiteTeam "Blackthorne Russia"]
[BlackTeam "Barbican 4NCL 1"]

1. d4 d5 2. c4 c6 3. Nf3 Nf6 4. Nc3 dxc4 5. a4 Bf5 6. Nh4 Bc8 7. e3 e5 8. Bxc4
exd4 9. exd4 Be7 10. O-O O-O 11. Re1 Na6 12. Nf3 Nc7 13. Qb3 Nce8 14. d5 Nd6
15. dxc6 bxc6 16. Bd3 Bf5 17. Nd4 Bd7 18. Qc2 Re8 19. Bf4 c5 20. Ndb5 Nxb5 21.
axb5 Be6 22. Red1 Qc8 23. h3 c4 24. Be2 Bf5 25. Qa4 Bc5 26. Bf3 1/2-1/2

[Event "4NCL Division 1d"]
[Site "Hinckley Island ENG"]
[Date "2014.05.04"]
[Round "10.173"]
[White "D'Costa, Lorin AR"]
[Black "Hunt, Adam C"]
[Result "1/2-1/2"]
[WhiteElo "2418"]
[BlackElo "2434"]
[PlyCount "52"]
[EventDate "2014.05.04"]
[WhiteTeam "Barbican 4NCL 1"]
[BlackTeam "Blackthorne Russia"]

1. c4 g6 2. g3 Bg7 3. Bg2 e5 4. Nc3 d6 5. e4 Nc6 6. Nge2 Nge7 7. d3 Be6 8. Be3
Qd7 9. Nd5 O-O 10. O-O Nc8 11. Qd2 Nd8 12. f4 c6 13. Ndc3 Ne7 14. Rad1 f6 15.
b3 c5 16. Rf2 Ndc6 17. Nd5 Nd4 18. Nec3 Nxd5 19. Nxd5 Rab8 20. f5 Bxd5 21. cxd5
g5 22. h4 h6 23. Bf3 Nxf3+ 24. Rxf3 g4 25. Rf2 h5 26. Rc1 b6 1/2-1/2

[Event "4NCL Division 1d"]
[Site "Hinckley Island ENG"]
[Date "2014.05.04"]
[Round "10.174"]
[White "Ledger, Andrew J"]
[Black "Cox, John J"]
[Result "1-0"]
[WhiteElo "2392"]
[BlackElo "2396"]
[PlyCount "97"]
[EventDate "2014.05.04"]
[WhiteTeam "Blackthorne Russia"]
[BlackTeam "Barbican 4NCL 1"]

1. d4 d5 2. c4 c6 3. Nc3 Nf6 4. e3 a6 5. Qc2 g6 6. Nf3 Bg7 7. Bd2 O-O 8. h3 b5
9. cxd5 cxd5 10. Be2 Bb7 11. O-O Nc6 12. Rfc1 Qd6 13. Bf1 Rac8 14. Qd1 Ne4 15.
Be1 Rfd8 16. Nxe4 dxe4 17. Nd2 Nb4 18. a3 Rxc1 19. Rxc1 Nd3 20. Nxe4 Bxe4 21.
Bxd3 Bxd3 22. Qxd3 e5 23. d5 e4 24. Qb3 Be5 25. Rd1 h5 26. Bc3 h4 27. Qc2 Bxc3
28. Qxc3 f5 29. Rd4 Kf7 30. a4 bxa4 31. Rxa4 Rd7 32. Qh8 Rc7 33. Ra1 Rc5 34.
Qh7+ Kf8 35. Rd1 Rxd5 36. Rxd5 Qxd5 37. Qxg6 Qc5 38. Qf6+ Ke8 39. Qxh4 Qc1+ 40.
Kh2 Qxb2 41. Qh5+ Ke7 42. Qxf5 Qb5 43. Qxe4+ Kf6 44. f4 a5 45. Qd4+ Kg6 46. e4
a4 47. Qd6+ Kf7 48. e5 Qc4 49. Qf6+ 1-0

[Event "4NCL Division 1d"]
[Site "Hinckley Island ENG"]
[Date "2014.05.04"]
[Round "10.175"]
[White "Sanders, Isaac B"]
[Black "Ansell, Simon T"]
[Result "0-1"]
[WhiteElo "2276"]
[BlackElo "2366"]
[PlyCount "108"]
[EventDate "2014.05.04"]
[WhiteTeam "Barbican 4NCL 1"]
[BlackTeam "Blackthorne Russia"]

1. d4 d5 2. c4 c6 3. Nf3 Nf6 4. Nc3 dxc4 5. a4 Bf5 6. e3 e6 7. a5 Bd3 8. Bxd3
cxd3 9. Ne5 Na6 10. Qxd3 Nb4 11. Qe2 Be7 12. O-O O-O 13. Rd1 c5 14. Ng4 Nxg4
15. Qxg4 f5 16. Qe2 Qc8 17. Bd2 Qc6 18. Rac1 Qa6 19. Qxa6 Nxa6 20. Nb5 Rfd8 21.
dxc5 Bxc5 22. Bc3 Kf7 23. g3 g6 24. Kg2 Ke7 25. Bg7 Rxd1 26. Rxd1 Bb4 27. Bh6
e5 28. f4 exf4 29. Bg5+ Ke6 30. exf4 Rc8 31. Nd4+ Kf7 32. Nf3 Rc2+ 33. Kh3 Nc5
34. Rd4 Rxb2 35. Ne5+ Ke6 36. Nc4 Nb3 37. Rd3 Rb1 38. Bd8 Bc5 39. Ne5 Nd4 40.
Rc3 b6 41. axb6 axb6 42. Re3 Nc6 43. Rd3 Nxe5 44. fxe5 Kxe5 45. Rd7 h6 46. Rh7
g5 47. Rxh6 g4+ 48. Kh4 Rh1 49. Bxb6 Rxh2+ 50. Kg5 Rxh6 51. Bxc5 Rh3 52. Ba7
Ke4 53. Bb8 Kf3 54. Kxf5 Rxg3 0-1

[Event "4NCL Division 1d"]
[Site "Hinckley Island ENG"]
[Date "2014.05.04"]
[Round "10.176"]
[White "Bates, Richard A"]
[Black "Knott, Simon JB"]
[Result "1-0"]
[WhiteElo "2342"]
[BlackElo "2325"]
[PlyCount "103"]
[EventDate "2014.05.04"]
[WhiteTeam "Blackthorne Russia"]
[BlackTeam "Barbican 4NCL 1"]

1. d4 Nf6 2. Nf3 g6 3. c4 Bg7 4. g3 d5 5. cxd5 Nxd5 6. Bg2 Nb6 7. Nc3 Nc6 8. e3
O-O 9. O-O Re8 10. Re1 a5 11. Qe2 Be6 12. Nd2 a4 13. Rd1 h5 14. h3 Qd7 15. Kh2
Red8 16. Rb1 Bf5 17. Nde4 Qc8 18. f4 Nb4 19. Bd2 c6 20. Be1 Be6 21. b3 axb3 22.
axb3 Na6 23. Ng5 Nd5 24. e4 Nxc3 25. Bxc3 f6 26. Nxe6 Qxe6 27. Qc4 Qf7 28. Ba5
Rdc8 29. e5 e6 30. b4 Nc7 31. Bxc7 Rxc7 32. h4 f5 33. Ra1 Rxa1 34. Rxa1 Qd7 35.
Rc1 Bf8 36. b5 Kf7 37. bxc6 bxc6 38. Bxc6 Rxc6 39. Qxc6 Qxd4 40. Qb7+ Be7 41.
Rc7 Qf2+ 42. Qg2 Qb6 43. Qc2 Qa5 44. Rb7 Qa6 45. Qb2 Qc4 46. Ra7 Qd3 47. Qa2
Qc3 48. Ra6 Qc8 49. Kh3 Bf8 50. Ra7+ Kg8 51. Qa6 Qxa6 52. Rxa6 1-0

[Event "4NCL Division 1d"]
[Site "Hinckley Island ENG"]
[Date "2014.05.04"]
[Round "10.177"]
[White "Franklin, Samuel GA"]
[Black "Webb, Laurence E"]
[Result "1/2-1/2"]
[WhiteElo "2294"]
[BlackElo "2249"]
[PlyCount "47"]
[EventDate "2014.05.04"]
[WhiteTeam "Barbican 4NCL 1"]
[BlackTeam "Blackthorne Russia"]

1. e4 e6 2. d4 d5 3. Nc3 Bb4 4. e5 b6 5. a3 Bf8 6. Bb5+ Bd7 7. Bd3 c5 8. Nf3
cxd4 9. Nb5 Nc6 10. O-O a6 11. Nbxd4 Nge7 12. Re1 Nxd4 13. Nxd4 Nc6 14. Nxc6
Bxc6 15. Qe2 Qd7 16. Be3 Bc5 17. Rad1 Qc7 18. Qg4 g6 19. c3 h5 20. Qf4 Be7 21.
Bd4 Bb5 22. Bxb5+ axb5 23. Rd3 f5 24. Qe3 1/2-1/2

[Event "4NCL Division 1d"]
[Site "Hinckley Island ENG"]
[Date "2014.05.04"]
[Round "10.178"]
[White "Atkins, Rita"]
[Black "Lauterbach, Ingrid"]
[Result "1/2-1/2"]
[WhiteElo "2141"]
[BlackElo "2101"]
[PlyCount "92"]
[EventDate "2014.05.04"]
[WhiteTeam "Blackthorne Russia"]
[BlackTeam "Barbican 4NCL 1"]

1. d4 d6 2. Bf4 Nd7 3. Nf3 g6 4. e3 Bg7 5. h3 a6 6. c4 e5 7. Bh2 Ne7 8. Nc3 O-O
9. Be2 b6 10. O-O exd4 11. exd4 Bb7 12. Rc1 Nf5 13. b4 Nh4 14. c5 Nxf3+ 15.
Bxf3 Bxf3 16. Qxf3 dxc5 17. dxc5 Ne5 18. Qe4 Re8 19. Rfd1 Qb8 20. cxb6 cxb6 21.
Nd5 Ra7 22. Re1 Rd7 23. f4 f5 24. Qc2 Rxd5 25. fxe5 Qd8 26. Qc4 b5 27. Qb3 Kh8
28. e6 Rd3 29. Qc2 Rd2 30. Qc6 Bb2 31. Rc2 Rxc2 32. Qxc2 Qb6+ 33. Kh1 Bd4 34.
Bc7 Qb7 35. e7 Kg7 36. Bd8 Bf6 37. Re6 Qd5 38. Rxa6 Bxe7 39. Qc3+ Kg8 40. Bxe7
Rxe7 41. Qf6 Re1+ 42. Kh2 Re2 43. Qg5 Qe5+ 44. Qg3 f4 45. Ra8+ Kg7 46. Ra7+ Kg8
1/2-1/2

[Event "4NCL Division 1d"]
[Site "Hinckley Island ENG"]
[Date "2014.05.04"]
[Round "10.182"]
[White "Pert, Richard G"]
[Black "Ashton, Adam G"]
[Result "1/2-1/2"]
[WhiteElo "2434"]
[BlackElo "2395"]
[PlyCount "81"]
[EventDate "2014.05.04"]
[WhiteTeam "Wood Green HK 2"]
[BlackTeam "3Cs 1"]

1. d4 d5 2. c4 e6 3. Nc3 Nf6 4. Nf3 Be7 5. Bf4 O-O 6. e3 Nbd7 7. c5 Nh5 8. Bd3
Nxf4 9. exf4 b6 10. b4 a5 11. a3 c6 12. O-O Ba6 13. Re1 Bxd3 14. Qxd3 Qc7 15.
g3 Rfb8 16. Kg2 Bf6 17. Qc2 b5 18. h4 Ra6 19. Rad1 axb4 20. axb4 Rba8 21. h5 h6
22. Ne5 Nf8 23. Ng4 Nh7 24. f5 exf5 25. Qxf5 Qc8 26. Qf3 Ra3 27. Rd3 Bg5 28.
Ne5 R3a7 29. Qe2 Ra1 30. Rdd1 Rxd1 31. Qxd1 Bf6 32. Ne2 Ng5 33. Nf4 Ra4 34. Qb1
Ra7 35. f3 Ra3 36. Rf1 Bxe5 37. dxe5 Re3 38. Re1 Rxf3 39. e6 fxe6 40. Qg6 Qf8
41. Rxe6 1/2-1/2

[Event "4NCL Division 1d"]
[Site "Hinckley Island ENG"]
[Date "2014.05.04"]
[Round "10.183"]
[White "Milliet, Sophie"]
[Black "Greet, Andrew N"]
[Result "1-0"]
[WhiteElo "2390"]
[BlackElo "2435"]
[PlyCount "75"]
[EventDate "2014.05.04"]
[WhiteTeam "3Cs 1"]
[BlackTeam "Wood Green HK 2"]

1. e4 e6 2. d4 d5 3. Nc3 Nf6 4. Bg5 Be7 5. e5 Nfd7 6. Bxe7 Qxe7 7. f4 a6 8. Nf3
Nb6 9. Qd2 Bd7 10. O-O-O Bb5 11. Bd3 Nc6 12. Kb1 Bxd3 13. cxd3 f5 14. h4 Nc8
15. h5 N8a7 16. h6 g6 17. Rc1 Nb5 18. Ne2 a5 19. a4 Nba7 20. Qc3 O-O 21. Ng5
Rab8 22. Rc2 Rfc8 23. Rhc1 Qd7 24. g4 Rf8 25. gxf5 Rxf5 26. Rg1 Rbf8 27. Rcc1
Kh8 28. Qc5 Nc8 29. Rgf1 N8e7 30. Qb5 Qc8 31. Qc5 Re8 32. Ng3 Rff8 33. f5 Nxf5
34. Nxf5 Rxf5 35. Rxf5 gxf5 36. Nf7+ Kg8 37. Rg1+ Kxf7 38. Rg7# 1-0

[Event "4NCL Division 1d"]
[Site "Hinckley Island ENG"]
[Date "2014.05.04"]
[Round "10.184"]
[White "Arakhamia-Grant, Ketevan E"]
[Black "Longson, Alexander"]
[Result "1/2-1/2"]
[WhiteElo "2392"]
[BlackElo "2337"]
[PlyCount "53"]
[EventDate "2014.05.04"]
[WhiteTeam "Wood Green HK 2"]
[BlackTeam "3Cs 1"]

1. e4 c6 2. d4 d5 3. e5 c5 4. dxc5 Nc6 5. Bb5 e6 6. Nf3 Bxc5 7. O-O Nge7 8. a3
Ng6 9. b4 Be7 10. Re1 a5 11. bxa5 Qxa5 12. a4 O-O 13. Ba3 Bxa3 14. Rxa3 Qc7 15.
Rae3 Bd7 16. Nbd2 Nb4 17. c3 Na6 18. h4 Ne7 19. Nd4 Nc5 20. Rg3 Nf5 21. Nxf5
exf5 22. Qh5 f4 23. Rxg7+ Kxg7 24. Qg5+ Kh8 25. Qf6+ Kg8 26. Qg5+ Kh8 27. Qf6+
1/2-1/2

[Event "4NCL Division 1d"]
[Site "Hinckley Island ENG"]
[Date "2014.05.04"]
[Round "10.185"]
[White "Qiu, Tong"]
[Black "Houska, Jovanka"]
[Result "0-1"]
[WhiteElo "2307"]
[BlackElo "2410"]
[PlyCount "76"]
[EventDate "2014.05.04"]
[WhiteTeam "3Cs 1"]
[BlackTeam "Wood Green HK 2"]

1. e4 c6 2. d4 d5 3. Nc3 dxe4 4. Nxe4 Bf5 5. Ng3 Bg6 6. h4 h6 7. Nf3 Nd7 8. h5
Bh7 9. Bd3 Bxd3 10. Qxd3 e6 11. Bf4 Qa5+ 12. Bd2 Bb4 13. c3 Be7 14. c4 Qc7 15.
O-O-O Ngf6 16. Rde1 b5 17. c5 O-O 18. Ne2 Ng4 19. Ref1 Rfd8 20. Qc2 a5 21. Nh4
a4 22. Bf4 Qb7 23. f3 Ngf6 24. Kb1 b4 25. Qc4 Nd5 26. Bc1 a3 27. b3 e5 28. Nf5
Bf6 29. f4 exd4 30. g4 d3 31. Qxd3 Nxc5 32. Qc4 Ne4 33. Kc2 Ndc3 34. g5 Qd7 35.
Ne3 Qd2+ 36. Bxd2 Rxd2+ 37. Kc1 Nxe2+ 38. Qxe2 Bb2+ 0-1

[Event "4NCL Division 1d"]
[Site "Hinckley Island ENG"]
[Date "2014.05.04"]
[Round "10.186"]
[White "Shaw, John K"]
[Black "Walton, Alan J"]
[Result "1-0"]
[WhiteElo "2414"]
[BlackElo "2118"]
[PlyCount "77"]
[EventDate "2014.05.04"]
[WhiteTeam "Wood Green HK 2"]
[BlackTeam "3Cs 1"]

1. e4 e6 2. d4 d5 3. Nd2 Be7 4. Ngf3 Nf6 5. e5 Nfd7 6. Bd3 c5 7. c3 b6 8. O-O
Ba6 9. Ne1 Bxd3 10. Nxd3 Nc6 11. Qg4 g6 12. Nf3 c4 13. Nf4 Qc7 14. Be3 O-O-O
15. b3 Na5 16. b4 Nc6 17. b5 Na5 18. Nxe6 fxe6 19. Qxe6 Rde8 20. Qxd5 Qb7 21.
Qxb7+ Kxb7 22. Nd2 Ba3 23. Ne4 Nf8 24. f4 Ne6 25. Bc1 Bf8 26. g4 Nc7 27. Rb1
Nd5 28. Kg2 Rd8 29. Bd2 a6 30. bxa6+ Kxa6 31. f5 Nc6 32. f6 Nc7 33. Rf2 Kb7 34.
Ng5 Ra8 35. Nf7 Rg8 36. Nd6+ Bxd6 37. exd6 Nd5 38. f7 Rgd8 39. Rb5 1-0

[Event "4NCL Division 1d"]
[Site "Hinckley Island ENG"]
[Date "2014.05.04"]
[Round "10.187"]
[White "Abbas, Daniel"]
[Black "Pein, Malcolm"]
[Result "1/2-1/2"]
[WhiteElo "1991"]
[BlackElo "2363"]
[PlyCount "34"]
[EventDate "2014.05.04"]
[WhiteTeam "3Cs 1"]
[BlackTeam "Wood Green HK 2"]

1. e4 e5 2. Nf3 d6 3. d4 exd4 4. Nxd4 g6 5. Nc3 Bg7 6. Be3 Nf6 7. Qd2 O-O 8.
O-O-O Re8 9. f3 Nc6 10. Kb1 Nxd4 11. Bxd4 Be6 12. g4 c5 13. Be3 Qa5 14. Nd5 Qa4
15. Nc3 Qa5 16. Nd5 Qa4 17. Nc3 Qa5 1/2-1/2

[Event "4NCL Division 1d"]
[Site "Hinckley Island ENG"]
[Date "2014.05.04"]
[Round "10.188"]
[White "Hegarty, Sarah N"]
[Black "Burton, Graham P"]
[Result "1/2-1/2"]
[WhiteElo "2094"]
[BlackElo "2043"]
[PlyCount "88"]
[EventDate "2014.05.04"]
[WhiteTeam "Wood Green HK 2"]
[BlackTeam "3Cs 1"]

1. e4 c5 2. Nc3 Nc6 3. d3 e6 4. g3 g6 5. Bg2 Bg7 6. Be3 d6 7. Qd2 Nge7 8. Bh6
Bxh6 9. Qxh6 Nd4 10. Qd2 Qa5 11. h4 Bd7 12. Rc1 O-O-O 13. Nce2 Qxd2+ 14. Kxd2
Bc6 15. Nxd4 cxd4 16. Nf3 e5 17. Bh3+ Kb8 18. Rhf1 h6 19. Nh2 f5 20. Rce1 fxe4
21. dxe4 Bb5 22. Rg1 Rhg8 23. f3 Nc6 24. Bf1 Bxf1 25. Rgxf1 Na5 26. b3 Rc8 27.
f4 Rc3 28. fxe5 Rgc8 29. Rc1 dxe5 30. Nf3 Nc6 31. a3 Kc7 32. g4 Kb6 33. g5 hxg5
34. Nxg5 Rh8 35. Rh1 Rg3 36. Rcf1 d3 37. cxd3 Nd4 38. Rhg1 Rxg1 39. Rxg1 Rxh4
40. Rg2 Nxb3+ 41. Kc3 Nc5 42. Nf7 Rh3 43. Nxe5 Nxe4+ 44. Kd4 Ng3 1/2-1/2

[Event "4NCL Division 1d"]
[Site "Hinckley Island ENG"]
[Date "2014.05.05"]
[Round "11.187"]
[White "Bellon Lopez, Juan M"]
[Black "Sanders, Isaac B"]
[Result "1-0"]
[WhiteElo "2399"]
[BlackElo "2276"]
[PlyCount "85"]
[EventDate "2014.05.05"]
[WhiteTeam "Wood Green HK 2"]
[BlackTeam "Barbican 4NCL 1"]

1. d4 e6 2. Nf3 c5 3. e3 Nf6 4. Bd3 Be7 5. O-O O-O 6. c4 d6 7. b3 Nbd7 8. Bb2
b6 9. Nbd2 Bb7 10. Rc1 Rc8 11. Qe2 cxd4 12. exd4 Re8 13. Ng5 h6 14. f4 Nf8 15.
Ngf3 d5 16. Ne5 Rc7 17. Qe3 Qa8 18. Qg3 Bb4 19. Rcd1 Ne4 20. Bxe4 dxe4 21. a3
Bd6 22. d5 f5 23. dxe6 Rxe6 24. Rfe1 e3 25. Nf1 Bxe5 26. Bxe5 Rg6 27. Qxg6 Nxg6
28. Bxc7 Bc8 29. Rd8+ Kh7 30. Rxe3 Qb7 31. Be5 Be6 32. Rd6 Bf7 33. Nd2 Qc8 34.
Kf2 Nxe5 35. Rxe5 Qc7 36. Rd3 Bh5 37. Nf1 b5 38. c5 Bf7 39. Ne3 Qa5 40. Re7 Bh5
41. Nxf5 Kg8 42. b4 Qa4 43. Ne3 1-0

[Event "4NCL Division 1d"]
[Site "Hinckley Island ENG"]
[Date "2014.03.23"]
[Round "8.164"]
[White "Rose, Matthew"]
[Black "Bentley, John L"]
[Result "1-0"]
[WhiteElo "2311"]
[BlackElo "2245"]
[PlyCount "37"]
[EventDate "2014.03.23"]
[WhiteTeam "Oxford 1"]
[BlackTeam "3Cs 1"]

1. e4 c5 2. c3 d5 3. exd5 Qxd5 4. d4 Nc6 5. Nf3 Bf5 6. Be3 Nf6 7. Na3 cxd4 8.
Bc4 Qa5 9. Nxd4 O-O-O 10. O-O Nxd4 11. cxd4 Nd5 12. Bxd5 Qxd5 13. Qa4 h6 14.
Rac1+ Kb8 15. Bf4+ e5 16. Bxe5+ Bd6 17. Rc5 Qe4 18. Qa5 Be6 19. Bxd6+ 1-0

[Event "4NCL Division 1d"]
[Site "Hinckley Island ENG"]
[Date "2014.05.03"]
[Round "9.151"]
[White "Snuverink, Jochem"]
[Black "Gordon, Stephen J"]
[Result "1/2-1/2"]
[WhiteElo "2338"]
[BlackElo "2493"]
[PlyCount "27"]
[EventDate "2014.05.03"]
[WhiteTeam "Kings Head 1"]
[BlackTeam "3Cs 1"]

1. e4 c5 2. Nf3 e6 3. d4 cxd4 4. Nxd4 Nc6 5. Nc3 Qc7 6. Be3 a6 7. Qd2 Nf6 8.
O-O-O Be7 9. f3 b5 10. Kb1 Bb7 11. g4 Nxd4 12. Qxd4 Rc8 13. g5 Nh5 14. Qd2
1/2-1/2

[Event "4NCL Division 1d"]
[Site "Hinckley Island ENG"]
[Date "2014.05.03"]
[Round "9.152"]
[White "Ashton, Adam G"]
[Black "McMichael, Richard J"]
[Result "1-0"]
[WhiteElo "2395"]
[BlackElo "2214"]
[PlyCount "91"]
[EventDate "2014.05.03"]
[WhiteTeam "3Cs 1"]
[BlackTeam "Kings Head 1"]

1. e4 e6 2. d4 d5 3. Nd2 dxe4 4. Nxe4 Bd7 5. Nf3 Bc6 6. Bd3 Nd7 7. O-O Ngf6 8.
Ned2 Be7 9. Nc4 Bd5 10. Ne3 Bxf3 11. Qxf3 c6 12. b3 O-O 13. Bb2 Qa5 14. Rfe1
Rfe8 15. a3 Rad8 16. c4 Nf8 17. b4 Qh5 18. Qxh5 Nxh5 19. Be4 Bf6 20. Rad1 g6
21. a4 Re7 22. b5 cxb5 23. axb5 b6 24. Bc6 Rc7 25. Rd2 Nd7 26. Red1 Nb8 27. Bf3
Ng7 28. c5 Nf5 29. Nxf5 gxf5 30. c6 Kg7 31. d5 exd5 32. Bxf6+ Kxf6 33. Rxd5
Rdc8 34. Ra1 Re7 35. h3 Rec7 36. Ra4 a6 37. bxa6 Ra7 38. c7 Rcxc7 39. Rd6+ Ke7
40. Rxb6 Nd7 41. Rb5 Nc5 42. Ra3 Ne6 43. Rxf5 Nd4 44. Rh5 Nxf3+ 45. Rxf3 Rxa6
46. Rxf7+ 1-0

[Event "4NCL Division 1d"]
[Site "Hinckley Island ENG"]
[Date "2014.05.03"]
[Round "9.153"]
[White "Guthrie, David W"]
[Black "Milliet, Sophie"]
[Result "1/2-1/2"]
[WhiteElo "2227"]
[BlackElo "2390"]
[PlyCount "68"]
[EventDate "2014.05.03"]
[WhiteTeam "Kings Head 1"]
[BlackTeam "3Cs 1"]

1. d4 Nf6 2. c4 c5 3. d5 b5 4. Nf3 g6 5. cxb5 a6 6. Qc2 axb5 7. e4 Qa5+ 8. Bd2
Qa4 9. Qxa4 bxa4 10. Bc3 Bg7 11. Bc4 O-O 12. Nbd2 Bb7 13. O-O Na6 14. Rab1 e6
15. dxe6 fxe6 16. e5 Nd5 17. Rfe1 Rf4 18. Bxd5 Bxd5 19. a3 Raf8 20. Re3 Bh6 21.
Re2 Nc7 22. Rbe1 Nb5 23. Ne4 Bxe4 24. Rxe4 Nxc3 25. bxc3 Rb8 26. Rxf4 Bxf4 27.
g3 Bh6 28. Re4 Rb3 29. Rxa4 Rxc3 30. Kg2 Rc2 31. Kf1 Rc1+ 32. Ke2 Rc2+ 33. Kf1
Rc1+ 34. Ke2 Rc2+ 1/2-1/2

[Event "4NCL Division 1d"]
[Site "Hinckley Island ENG"]
[Date "2014.05.03"]
[Round "9.154"]
[White "Longson, Alexander"]
[Black "Kwiatkowski, Feliks J"]
[Result "1/2-1/2"]
[WhiteElo "2337"]
[BlackElo "2223"]
[PlyCount "79"]
[EventDate "2014.05.03"]
[WhiteTeam "3Cs 1"]
[BlackTeam "Kings Head 1"]

1. e4 c5 2. Nf3 Nc6 3. Bb5 d6 4. O-O Bd7 5. Re1 Nf6 6. c3 a6 7. Bf1 Bg4 8. h3
Bh5 9. g4 Bg6 10. d4 cxd4 11. cxd4 d5 12. exd5 Nxd5 13. Nc3 f6 14. Ne4 e6 15.
Bd2 Qd7 16. Rc1 Bd6 17. Qb3 Bxe4 18. Rxe4 O-O 19. Rce1 Nd8 20. Bg2 Rc8 21. Rxe6
Nxe6 22. Qxd5 Rfe8 23. g5 Rcd8 24. gxf6 Bh2+ 25. Nxh2 Qxd5 26. Bxd5 Rxd5 27.
fxg7 Nxg7 28. Rc1 Ne6 29. Ng4 Kg7 30. Ne5 Kf6 31. Ng4+ Kg6 32. Re1 h5 33. Ne5+
Kf5 34. Nf3 Rg8+ 35. Kf1 Nxd4 36. Nh4+ Kf6 37. Bc3 Kg5 38. Bxd4 Kxh4 39. Bf6+
Kxh3 40. Re3+ 1/2-1/2

[Event "4NCL Division 1d"]
[Site "Hinckley Island ENG"]
[Date "2014.05.03"]
[Round "9.155"]
[White "Haria, Ravi"]
[Black "Qiu, Tong"]
[Result "0-1"]
[WhiteElo "2207"]
[BlackElo "2307"]
[PlyCount "96"]
[EventDate "2014.05.03"]
[WhiteTeam "Kings Head 1"]
[BlackTeam "3Cs 1"]

1. e4 c6 2. d4 d5 3. e5 Bf5 4. Nf3 e6 5. Be2 Nd7 6. O-O Ne7 7. Nbd2 h6 8. Nb3
g5 9. Ne1 Qc7 10. Nd3 Ng6 11. Bg4 Bxg4 12. Qxg4 c5 13. f4 cxd4 14. Nxd4 gxf4
15. Bxf4 O-O-O 16. Kh1 h5 17. Qe2 Be7 18. Be3 Ndxe5 19. Nxe5 Qxe5 20. Rxf7 Rdf8
21. Rxf8+ Rxf8 22. Qd3 Bd6 23. Bg1 Nf4 24. Qc3+ Bc7 25. Re1 Qg7 26. g3 Nh3 27.
Be3 Nf2+ 28. Bxf2 Rxf2 29. Kg1 Rf4 30. Nxe6 Qxc3 31. bxc3 Bb6+ 32. Kh1 Ra4 33.
Nf4 Rxa2 34. Nxd5 Bc5 35. Nf4 a5 36. Re4 Kd7 37. Nxh5 a4 38. Nf6+ Kc6 39. h4 a3
40. Ra4 Rxc2 41. h5 a2 42. h6 Bf8 43. h7 Bg7 44. Nh5 Bxc3 45. g4 a1=Q+ 46. Rxa1
Bxa1 47. g5 Rc5 48. Nf6 Bxf6 0-1

[Event "4NCL Division 1d"]
[Site "Hinckley Island ENG"]
[Date "2014.05.03"]
[Round "9.156"]
[White "Abbas, Daniel"]
[Black "Wittmann, Jochen"]
[Result "1-0"]
[WhiteElo "1991"]
[BlackElo "2119"]
[PlyCount "37"]
[EventDate "2014.05.03"]
[WhiteTeam "3Cs 1"]
[BlackTeam "Kings Head 1"]

1. e4 e5 2. Nf3 Nc6 3. Bb5 f5 4. Nc3 fxe4 5. Nxe4 Nf6 6. Qe2 Qe7 7. Nxf6+ gxf6
8. O-O d5 9. d4 e4 10. Nh4 f5 11. c4 Qxh4 12. cxd5 Bd6 13. g3 Qh3 14. dxc6 O-O
15. Re1 f4 16. Qxe4 fxg3 17. hxg3 Bxg3 18. fxg3 Qxg3+ 19. Qg2 1-0